000 00563nam a22002057a 4500
005 20140120132257.0
008 140120b xxu||||| |||| 00| 0 eng d
020 _a9780226104201
_c3835.00
040 _aLoreto College
082 _a808.04221
_bCHI
245 _aThe Chicago manual of style
250 _a16th ed.
260 _aChicago
_bThe University of Chicago Press
_c2010
300 _axvi,various pagins
_b22cm
504 _aIncludes index
650 _aPrinting-Style manuals
650 _aAuthorship-Style manuals
850 _aLCLIB
942 _cBK
999 _c39040
_d89519